[Event "Sandefjord MGP"]
[Site "Sandefjord"]
[Date "2003.10.19"]
[Round "4"]
[White "Brekke, Jorunn Marie"]
[Black "Lund, Alf Haakon"]
[Result "0-1"]
[WhiteElo "1527"]
[BlackElo "1516"]
[PlyCount "116"]
[EventDate "2003.10.??"]
[EventType "swiss"]
[EventRounds "4"]
[EventCountry "NOR"]
[SourceTitle "EXT 2005"]
[Source "ChessBase"]
[SourceDate "2004.11.15"]
[SourceVersion "1"]
[SourceVersionDate "2004.11.15"]
[SourceQuality "1"]

1. d4 d5 2. c4 c6 3. Nc3 Nf6 4. Qc2 Bg4 5. Bg5 e6 6. e3 Be7 7. Nge2 Bf5 8. Qd2 Nbd7 9. Ng3 Bg6 10. cxd5 exd5 11. Nge2 h6 12. Bh4 0-0 13. Nf4 Bh7 14. Bg3 Bb4 15. f3 Re8 16. a3 Bd6 17. Nfe2 Nb6 18. b3 Re7 19. Nd1 c5 20. Bxd6 Qxd6 21. dxc5 Qxc5 22. Nd4 Rc8 23. Bd3 Nbd7 24. Bxh7+ Kxh7 25. Kf2 Ne5 26. Re1 Neg4+ 27. Kg1 Ne5 28. Re2 g6 29. Qc2 Qxc2 30. Rxc2 Rec7 31. Rxc7 Rxc7 32. Nb5 Rc5 33. Nxa7 Ra5 34. Nc8 Ra6 35. a4 Nd3 36. a5 Nd7 37. Kf1 b6 38. Ke2 Nb4 39. Rc1 Rxa5 40. Rc7 Ra2+ 41. Kf1 Ne5 42. f4 Ned3 43. Rxf7+ Kg8 44. Ra7 Rd2 45. Nc3 Rf2+ 46. Kg1 Rc2 47. Ne7+ Kf8 48. Nxg6+ Ke8 49. Nd1 Rc1 50. g4 Rxd1+ 51. Kg2 Rd2+ 52. Kg3 Re2 53. Re7+ Kd8 54. Re6 Kd7 55. Rxb6 Rxe3+ 56. Kh4 Re6 57. Rxe6 Kxe6 58. Kh5 Nc5 0-1

[Event "Sandefjord MGP"]
[Site "Sandefjord"]
[Date "2003.10.17"]
[Round "1"]
[White "Lund, Alf Haakon"]
[Black "Theting, Helge E"]
[Result "0-1"]
[WhiteElo "1516"]
[BlackElo "1848"]
[PlyCount "50"]
[EventDate "2003.10.??"]
[EventType "swiss"]
[EventRounds "4"]
[EventCountry "NOR"]
[SourceTitle "EXT 2005"]
[Source "ChessBase"]
[SourceDate "2004.11.15"]
[SourceVersion "1"]
[SourceVersionDate "2004.11.15"]
[SourceQuality "1"]

1. e4 g6 2. Nc3 Bg7 3. g3 d6 4. Bg2 e5 5. d3 Nf6 6. Nge2 0-0 7. h3 Be6 8. Be3 d5 9. exd5 Nxd5 10. Nxd5 Bxd5 11. Bxd5 Qxd5 12. Rf1 Nc6 13. Qd2 Nd4 14. Nxd4 exd4 15. Bf4 Rfe8+ 16. Kd1 Qf3+ 17. Kc1 Re2 18. Qd1 Rae8 19. b3 Qg2 20. Kb2 R8e6 21. Bxc7 Bh6 22. Bf4 Bxf4 23. gxf4 Qc6 24. Kc1 Qc3 25. Qe1 Qxa1# 0-1